Normal view
MARC view
Entry Personal Name
001 - CONTROL NUMBER
- control field: 51284
003 - CONTROL NUMBER IDENTIFIER
- control field: ARRUPE
005 - DATE AND TIME OF LATEST TRANSACTION
- control field: 20220407104531.0
008 - FIXED-LENGTH DATA ELEMENTS
- fixed length control field: 220407|| aca||aabn | a|a d
040 ## - CATALOGING SOURCE
- Original cataloging agency: ARRUPE
- Transcribing agency: ARRUPE
100 ## - HEADING--PERSONAL NAME
- Personal name: ((ed) by Steen,Lynn Arthur
670 ## - SOURCE DATA FOUND
- Source citation: Work cat.: (ARRUPE)131283: ((ed) by Steen,Lynn Arthur, Mathematics today twelve informal essays, 1978.